| 000 | 00535nam a22001817a 4500 | ||
|---|---|---|---|
| 003 | OSt | ||
| 005 | 20220525062319.0 | ||
| 008 | 220524b |||||||| |||| 00| 0 eng d | ||
| 040 | _cSBCL | ||
| 082 |
_a492.25 _bPAR-P |
||
| 100 | _aParakott,Raju | ||
| 245 | _aPashchatya Suriyani Vayana Sahayi | ||
| 260 |
_aKottayam _bSt.Ephrem Ecumenical Rearch Institute (SEERI) _c2020 |
||
| 300 | _a156P. | ||
| 630 | _xPost Graduate Reference | ||
| 650 |
_2Language _a Other languages _vAfro-Asiatic languages; Semitic languages |
||
| 942 | _cBOOK | ||
| 999 |
_c134348 _d134348 |
||